000 00748nam a2200229 a 4500
005 20240503063710.0
008 160427s2004 mx r 000 0 spa d
020 _a9700319768
035 _aUPN01000209863
049 _aI
050 4 _aPZ24
_bL4.4
100 1 _aLeroux, Simone,
_d1939-
_938878
245 1 0 _aGracioso :
_bel monstruo /
_cSimone Leroux ; il. de Roger Paré ; tr. de Ma. Andrea Giovine Yáñez.
260 _aMéxico :
_bCalandria,
_cc2004.
300 _a[29] p. :
_bil. col.
440 0 _aLecturas iniciales para niños.
_p6+
534 _pTitulo original:
_tGracieux le monstre
650 0 _aCuentos infantiles franceses
_98588
650 4 _aMonstruos
_vLiteratura infantil
_94410
905 _aInfantil
999 _c181964
_d181964